000 00621nam a2200205 4500
001 109377
003 ES-MaACL
005 20251015164737.0
007 t|
008 061121s1970 sp r ||||1| spa d
100 1 _aMistler, Jean.
_981662
245 1 0 _aNapoleón /
_cTraducción de J. E. Cirlot y Angel Alandi.
260 _aBarcelona :
_bLabor,
_c1970.
300 _a2 v., 2 lám. :
_bil. ;
_c29 cm.
505 8 _aJean Mistler aparece en la p. 5
700 1 _aCirlot, Juan-Eduardo,
_d1916-1973
_938898
700 1 _aAlandi, Angel.
_919118
852 _aES-MaACL
_jC-37472-73
_bR.74011
999 _c109377
_d109377